| 000 | 00521nam a2200193Ia 4500 | ||
|---|---|---|---|
| 005 | 20250326140914.0 | ||
| 008 | 250326s9999 xx 000 0 und d | ||
| 020 | _a981-235-831-5 | ||
| 037 | _aTextbook | ||
| 040 |
_aFMSL _beng _cFMSL |
||
| 041 |
_aeng _2eng |
||
| 084 |
_aX:89ZB N7 _qFMSL |
||
| 100 |
_aTodaro M P _9737459 |
||
| 245 | 0 |
_aEconomic development _cTodaro M P |
|
| 260 |
_aEngland _bEngland, Addison-Wesley _c1997 |
||
| 300 | _a738p | ||
| 942 |
_cTB _hX:89ZB N7 |
||
| 999 |
_c1287820 _d1287820 |
||